| 000 | 00569nam a2200217Ia 4500 | ||
|---|---|---|---|
| 003 | OSt | ||
| 005 | 20220923211758.0 | ||
| 006 | a|||||r|||| 00| 0 | ||
| 007 | ta | ||
| 008 | Pun | ||
| 024 | _a54,267 | ||
| 037 | _cTextual | ||
| 040 |
_aARTS _cARTS _bPun |
||
| 041 |
_2Pun _aPun |
||
| 082 | _aP153v, J0 | ||
| 100 |
_aਜੀ. ਬੀ. ਸਿੰਘ _9161484 |
||
| 245 | 0 | _aਗੁਰਮੁਖੀ ਲਿਪੀ ਦਾ ਜਨਮ ਤੇ ਵਿਕਾਸ | |
| 260 | _c1950 | ||
| 942 |
_hP153v, J0 _cTEXL _2CC |
||
| 999 |
_c303480 _d303480 |
||